Responses for Show #1427 - Tuesday, November 13, 1990

1990 Tournament of Champions semifinal game 2.

Contestants

[<< previous game]

Larry McKnight, a computer analyst from Ventura, California

Erik Larsen, a graduate student from Ann Arbor, Michigan

Frank Spangenberg, a police officer from Flushing, New York

[next game >>]

Jeopardy! Round responses

FAMOUS TEACHERS
U.S. CITIES
BUSINESS & INDUSTRY
TELEVISION
GOLD
"SILVER"
    $100 1
Isaac Newton

Erik
    $100 2
Mobile

Erik
    $100 21
Goodyear

Erik
    $100 11
New York

Erik
    $100 16
South Africa

Frank
    $100 22
the silver screen

Frank
    $200 7
Michelangelo

Erik
    $200 3
Las Cruces

Frank
    $200 25
Pepsi-Cola

Frank
    $200 12
Family Ties

Larry
    $200 17
gold leaf

Frank
    $200 23
a silver lining

Frank
    $300 8
Anne Sullivan

Frank
    $300 4
San Francisco

Larry
    $300 28
Citroen

Larry
    $300 13
Jack Benny

Erik
    $300 18
(Alex: [*] for aurum, yes.)

Au

Larry
    $300 24
silver iodide

Larry
    $400 9
(Edward) Thorndike

Erik
    $500 5
Eugene

Larry
    $400 29
(Erik: What is Amana?)

Kenmore

ErikLarry
    $400 14
Meet the Press

Erik
    $400 19
24

Erik
    $400 26
The Silver Bullet Band

Erik
    $500 10
(Jaime) Escalante

Erik
    $500 6
Asheville

Larry
    $500 30
IBM

Frank
    $500 15
Scrabble

Frank
    $500 20
El Dorado

Larry
    $500 27
silver certificates

Frank

Scores at the first commercial break (after clue 16):

Frank Erik Larry
$1,100 $2,100 $1,500

Scores at the end of the Jeopardy! Round:

Frank Erik Larry
$2,800 $2,600 $3,300

Double Jeopardy! Round responses

STATE FLAGS
ENGLISH LITERATURE
BIRDS
AMERICAN INDIANS
PHILOSOPHY
DESPOTS & DICTATORS
    $200 1
1

Larry
    $200 16
The Time Machine

Erik
    $200 21
Alaska

Erik
    $200 28
Geronimo

Larry
    $200 6
love & hate

Erik
    $200 11
Stalin

Frank
    $400 2
Arkansas

Larry
    $400 17
Beowulf

Erik
    $400 22
woodpeckers

Erik
    $400 29
Jim Thorpe

Erik
    $400 7
Socrates

Erik
    $400 12
(Juan) Perón

Erik
    $1,000 3
a commonwealth

Larry
    $600 18
Bertrand Russell

Larry
    $600 23
the raven

Erik
    $600 30
the Iroquois

Frank
    $600 8
Aquinas

Erik
    $600 13
Duvalier

Erik
    $800 4
Rhode Island

Erik
    $800 19
(Robert) Graves

Frank
    $800 24
sparrows

Larry
    $800 27
the Navajo

Erik
    $800 9
(Rene) Descartes

Larry
    $800 14
Robespierre

Erik
    $1000 5
Hawaii

Erik
    $1000 20
(Larry: Who is... uhh.)
(Alex: That's unfortunate.)

Graham Greene

FrankLarry
    $1,000 25
seagulls

Larry
    $1000 26
(Frank: Who is Coronado?)
(Larry: Who is Cortés?)

de Sotò

FrankLarry
Triple Stumper
    $1000 10
Kierkegaard

Frank
    $1000 15
Porfirio Díaz

Triple Stumper

Scores at the end of the Double Jeopardy! Round:

Frank Erik Larry
$5,400 $10,400 $6,300

[wagering suggestions for these scores]

Final Jeopardy! Round responses

WORLD HISTORY
(Alex: [After revealing Larry's response and wager] I hope our viewers caught a, a glimpse of Larry as he turned to the right to look at Erik Larsen to get some kind of a read on the young man's face. [Laughter] Let's see what Erik put down.)
FrankWhat are E. & W. Germany?
$5,299
LarryWhat are Pakistan and India?
$6,300
ErikWhat are N. and S. Vietnam
$2,201
Pakistan & India

Final scores:

Frank Erik Larry
$101 $8,199 $12,600
3rd place: $5,000 2nd place: $5,000 Finalist

Game dynamics:

Coryat scores:

Frank Erik Larry
$5,400 $10,400 $5,800
15 R,
1 W
26 R,
1 W
17 R
(including 3 DDs),
2 W

Combined Coryat: $21,600

[game clues] [game scores] [suggest correction]

Game tape date: 1990-10-23
The J! Archive is created by fans, for fans. Scraping, republication, monetization, and malicious use prohibited; this site may use cookies and collect identifying information. See terms. The Jeopardy! game show and all elements thereof, including but not limited to copyright and trademark thereto, are the property of Jeopardy Productions, Inc. and are protected under law. This website is not affiliated with, sponsored by, or operated by Jeopardy Productions, Inc. Join the discussion at JBoard.tv.